[Event "Russian Blitz Championship (w)"]
[Site "Sochi"]
[Date "2022.10.14"]
[Round "12.7"]
[White "Nazarova, Anastasia"]
[Black "Shafigullina, Zarina"]
[Result "1-0"]
[BlackElo "2143"]
[WhiteElo "2089"]
[LiveChessVersion "1.4.8"]

1. e4 {[%clk 0:03:04]} c5 {[%clk 0:03:04]} 2. Nf3 {[%clk 0:03:04]} d6
{[%clk 0:03:05]} 3. d4 {[%clk 0:03:05]} cxd4 {[%clk 0:03:06]} 4. Nxd4
{[%clk 0:03:06]} Nf6 {[%clk 0:03:07]} 5. Nc3 {[%clk 0:03:07]} a6 {[%clk 0:03:08]}
6. Nb3 {[%clk 0:03:09]} e5 {[%clk 0:03:05]} 7. f3 {[%clk 0:03:00]} Be6
{[%clk 0:03:04]} 8. Be3 {[%clk 0:03:01]} Be7 {[%clk 0:03:04]} 9. Qd2
{[%clk 0:03:02]} b5 {[%clk 0:02:57]} 10. O-O-O {[%clk 0:03:02]} Nbd7
{[%clk 0:02:55]} 11. g4 {[%clk 0:03:03]} Rc8 {[%clk 0:02:25]} 12. g5
{[%clk 0:02:58]} Nh5 {[%clk 0:02:25]} 13. Kb1 {[%clk 0:02:55]} O-O
{[%clk 0:02:20]} 14. Ne2 {[%clk 0:02:46]} Nb6 {[%clk 0:02:13]} 15. Ng3
{[%clk 0:02:28]} Nf4 {[%clk 0:02:07]} 16. Bxf4 {[%clk 0:02:18]} exf4
{[%clk 0:02:07]} 17. Qxf4 {[%clk 0:02:18]} Nc4 {[%clk 0:01:40]} 18. h4
{[%clk 0:02:10]} a5 {[%clk 0:01:37]} 19. Nf5 {[%clk 0:01:44]} a4 {[%clk 0:01:23]}
20. Nbd4 {[%clk 0:01:45]} g6 {[%clk 0:01:06]} 21. Nxe7+ {[%clk 0:01:21]} Qxe7
{[%clk 0:01:06]} 22. h5 {[%clk 0:01:19]} b4 {[%clk 0:00:42]} 23. Bxc4
{[%clk 0:00:47]} Bxc4 {[%clk 0:00:38]} 24. b3 {[%clk 0:00:41]} Ba6
{[%clk 0:00:27]} 25. bxa4 {[%clk 0:00:32]} Rc3 {[%clk 0:00:11]} 26. Nb3
{[%clk 0:00:27]} Qe5 {[%clk 0:00:06]} 27. Qh4 {[%clk 0:00:13]} Qg7
{[%clk 0:00:04]} 28. Rd2 {[%clk 0:00:13]} Rfc8 {[%clk 0:00:03]} 29. hxg6
{[%clk 0:00:10]} fxg6 {[%clk 0:00:04]} 30. Rdh2 {[%clk 0:00:08]} Rxf3
{[%clk 0:00:04]} 31. Qxh7+ {[%clk 0:00:06]} Qxh7 {[%clk 0:00:05]} 32. Rxh7
{[%clk 0:00:06]} Rf1+ {[%clk 0:00:06]} 33. Rxf1 {[%clk 0:00:06]} Bxf1
{[%clk 0:00:08]} 34. Rd7 {[%clk 0:00:05]} Rc6 {[%clk 0:00:08]} 35. Rb7
{[%clk 0:00:05]} Bc4 {[%clk 0:00:07]} 36. Rxb4 {[%clk 0:00:05]} Kg7
{[%clk 0:00:07]} 37. Kb2 {[%clk 0:00:06]} Kf7 {[%clk 0:00:08]} 38. Nd4
{[%clk 0:00:07]} Rc8 {[%clk 0:00:08]} 39. a5 {[%clk 0:00:07]} Bf1
{[%clk 0:00:07]} 40. a4 {[%clk 0:00:07]} Bg2 {[%clk 0:00:08]} 41. Nb5
{[%clk 0:00:08]} Ke6 {[%clk 0:00:08]} 42. Rd4 {[%clk 0:00:07]} Rc6
{[%clk 0:00:09]} 43. Rd2 {[%clk 0:00:08]} Bxe4 {[%clk 0:00:09]} 44. Nd4+
{[%clk 0:00:09]} 1-0

[Event "Russian Blitz Championship (w)"]
[Site "Sochi"]
[Date "2022.10.14"]
[Round "12.8"]
[White "Karmanova, Olga Dm."]
[Black "Garifullina, Leya"]
[Result "1-0"]
[BlackElo "2267"]
[WhiteElo "2096"]
[LiveChessVersion "1.4.8"]

1. d4 {[%clk 0:03:02]} Nf6 {[%clk 0:03:04]} 2. c4 {[%clk 0:03:03]} e6
{[%clk 0:03:05]} 3. g3 {[%clk 0:03:04]} d5 {[%clk 0:03:06]} 4. Bg2
{[%clk 0:03:05]} Be7 {[%clk 0:03:06]} 5. Nf3 {[%clk 0:03:06]} O-O
{[%clk 0:03:06]} 6. O-O {[%clk 0:03:06]} dxc4 {[%clk 0:03:07]} 7. Qa4
{[%clk 0:03:07]} a6 {[%clk 0:03:08]} 8. Qxc4 {[%clk 0:03:08]} b5 {[%clk 0:03:09]}
9. Qc2 {[%clk 0:03:09]} Bb7 {[%clk 0:03:11]} 10. Bf4 {[%clk 0:03:09]} Nc6
{[%clk 0:03:03]} 11. Rd1 {[%clk 0:03:00]} Nb4 {[%clk 0:03:02]} 12. Qc1
{[%clk 0:02:56]} Rc8 {[%clk 0:03:02]} 13. a3 {[%clk 0:02:49]} Nbd5
{[%clk 0:03:03]} 14. b4 {[%clk 0:02:44]} a5 {[%clk 0:02:57]} 15. Nc3
{[%clk 0:02:22]} axb4 {[%clk 0:02:45]} 16. axb4 {[%clk 0:02:04]} Nxc3
{[%clk 0:02:41]} 17. Qxc3 {[%clk 0:02:05]} Nd5 {[%clk 0:02:42]} 18. Qd3
{[%clk 0:02:05]} c6 {[%clk 0:02:42]} 19. Ne5 {[%clk 0:01:58]} Nxb4
{[%clk 0:02:42]} 20. Qd2 {[%clk 0:01:56]} Nd5 {[%clk 0:02:42]} 21. Rdc1
{[%clk 0:01:51]} Bd6 {[%clk 0:02:26]} 22. Ra7 {[%clk 0:01:29]} Qb6
{[%clk 0:02:08]} 23. Nd7 {[%clk 0:01:27]} Qxa7 {[%clk 0:02:08]} 24. Bxd6
{[%clk 0:01:27]} Rfd8 {[%clk 0:02:07]} 25. Bc5 {[%clk 0:01:28]} Qb8
{[%clk 0:02:00]} 26. Nxb8 {[%clk 0:01:28]} Rxb8 {[%clk 0:02:00]} 27. Bxd5
{[%clk 0:01:28]} cxd5 {[%clk 0:01:54]} 28. Qa5 {[%clk 0:01:28]} Bc6
{[%clk 0:01:47]} 29. Ba7 {[%clk 0:01:10]} Rbc8 {[%clk 0:01:44]} 30. Qa6
{[%clk 0:00:57]} Bd7 {[%clk 0:01:25]} 31. Rxc8 {[%clk 0:00:58]} Rxc8
{[%clk 0:01:26]} 32. Bc5 {[%clk 0:00:58]} e5 {[%clk 0:01:23]} 33. Qb7
{[%clk 0:00:55]} Be6 {[%clk 0:01:23]} 34. Qxb5 {[%clk 0:00:52]} e4
{[%clk 0:01:24]} 35. Kg2 {[%clk 0:00:48]} h6 {[%clk 0:01:21]} 36. f3
{[%clk 0:00:47]} exf3+ {[%clk 0:01:20]} 37. Kxf3 {[%clk 0:00:47]} Ra8
{[%clk 0:01:20]} 38. e4 {[%clk 0:00:40]} Ra1 {[%clk 0:01:03]} 39. Bd6
{[%clk 0:00:33]} dxe4+ {[%clk 0:01:03]} 40. Kxe4 {[%clk 0:00:33]} Re1+
{[%clk 0:01:04]} 41. Kf3 {[%clk 0:00:34]} Rd1 {[%clk 0:01:03]} 42. Be5
{[%clk 0:00:30]} Kh7 {[%clk 0:01:00]} 43. Kf2 {[%clk 0:00:20]} f6
{[%clk 0:01:00]} 44. Qa4 {[%clk 0:00:15]} Rd2+ {[%clk 0:00:59]} 45. Ke3
{[%clk 0:00:16]} Rxh2 {[%clk 0:00:59]} 46. Bf4 {[%clk 0:00:16]} Rh5
{[%clk 0:00:49]} 47. Qc2+ {[%clk 0:00:15]} Kg8 {[%clk 0:00:45]} 48. Qc7
{[%clk 0:00:15]} Bf7 {[%clk 0:00:44]} 49. Qc8+ {[%clk 0:00:14]} Kh7
{[%clk 0:00:44]} 50. g4 {[%clk 0:00:14]} Rd5 {[%clk 0:00:44]} 51. Qc6
{[%clk 0:00:14]} Ra5 {[%clk 0:00:38]} 52. Qc7 {[%clk 0:00:14]} Ra3+
{[%clk 0:00:39]} 53. Kf2 {[%clk 0:00:14]} Bd5 {[%clk 0:00:35]} 54. Bd6
{[%clk 0:00:15]} Rf3+ {[%clk 0:00:36]} 55. Ke2 {[%clk 0:00:15]} Rb3
{[%clk 0:00:25]} 56. Bf8 {[%clk 0:00:15]} Rb7 {[%clk 0:00:26]} 57. Qd6
{[%clk 0:00:15]} Bc4+ {[%clk 0:00:24]} 58. Kd2 {[%clk 0:00:16]} Kg8
{[%clk 0:00:20]} 59. Qc5 {[%clk 0:00:17]} Bf7 {[%clk 0:00:20]} 60. Bd6
{[%clk 0:00:16]} Rb2+ {[%clk 0:00:19]} 61. Kc3 {[%clk 0:00:15]} Rb3+
{[%clk 0:00:20]} 62. Kc2 {[%clk 0:00:16]} Rh3 {[%clk 0:00:14]} 63. Qc8+
{[%clk 0:00:16]} Kh7 {[%clk 0:00:15]} 64. Kb2 {[%clk 0:00:15]} Rf3
{[%clk 0:00:13]} 65. Bf8 {[%clk 0:00:14]} Rf2+ {[%clk 0:00:12]} 66. Kb1
{[%clk 0:00:14]} Rf1+ {[%clk 0:00:07]} 67. Kc2 {[%clk 0:00:14]} Rf2+
{[%clk 0:00:06]} 68. Kd1 {[%clk 0:00:15]} Rf1+ {[%clk 0:00:06]} 69. Ke2
{[%clk 0:00:15]} Rg1 {[%clk 0:00:06]} 70. Qd7 {[%clk 0:00:15]} Kg8
{[%clk 0:00:07]} 71. Bc5 {[%clk 0:00:15]} Ra1 72. d5 {[%clk 0:00:14]} Ra2+
{[%clk 0:00:05]} 73. Ke1 {[%clk 0:00:14]} Ra5 {[%clk 0:00:04]} 74. Qc8+
{[%clk 0:00:13]} Kh7 {[%clk 0:00:05]} 75. d6 {[%clk 0:00:14]} Ra1+
{[%clk 0:00:04]} 76. Kd2 {[%clk 0:00:15]} Bb3 {[%clk 0:00:05]} 77. Kc3
{[%clk 0:00:16]} Ba4 {[%clk 0:00:06]} 78. d7 {[%clk 0:00:15]} Bxd7
{[%clk 0:00:07]} 79. Qxd7 {[%clk 0:00:16]} Rc1+ {[%clk 0:00:08]} 80. Kb4
{[%clk 0:00:17]} Rb1+ {[%clk 0:00:08]} 81. Ka5 {[%clk 0:00:17]} Ra1+
{[%clk 0:00:07]} 82. Kb6 {[%clk 0:00:18]} Rb1+ {[%clk 0:00:08]} 83. Kc6
{[%clk 0:00:19]} Rf1 {[%clk 0:00:09]} 84. Bf8 {[%clk 0:00:18]} Rc1+
{[%clk 0:00:07]} 85. Kb5 {[%clk 0:00:19]} Rb1+ {[%clk 0:00:08]} 86. Ka4
{[%clk 0:00:20]} Ra1+ {[%clk 0:00:04]} 87. Kb3 {[%clk 0:00:21]} Rb1+
{[%clk 0:00:05]} 88. Ka2 {[%clk 0:00:22]} Rb7 {[%clk 0:00:06]} 89. Qxb7
{[%clk 0:00:22]} 1-0

[Event "Russian Blitz Championship (w)"]
[Site "Sochi"]
[Date "2022.10.14"]
[Round "13.1"]
[White "Voit, Daria"]
[Black "Bodnaruk, Anastasia"]
[Result "1/2-1/2"]
[BlackElo "2332"]
[WhiteElo "2247"]
[LiveChessVersion "1.4.8"]

1. d4 {[%clk 0:03:00]} Nf6 {[%clk 0:03:03]} 2. c4 {[%clk 0:03:01]} g6
{[%clk 0:03:05]} 3. g3 {[%clk 0:03:01]} Bg7 {[%clk 0:03:04]} 4. Bg2
{[%clk 0:03:01]} O-O {[%clk 0:03:04]} 5. Nc3 {[%clk 0:03:01]} d6 {[%clk 0:03:05]}
6. Nf3 {[%clk 0:03:02]} Nc6 {[%clk 0:03:06]} 7. O-O {[%clk 0:02:54]} e5
{[%clk 0:03:07]} 8. dxe5 {[%clk 0:02:51]} dxe5 {[%clk 0:03:07]} 9. Qxd8
{[%clk 0:02:39]} Rxd8 {[%clk 0:03:08]} 10. Bg5 {[%clk 0:02:39]} Re8
{[%clk 0:02:33]} 11. Nd2 {[%clk 0:01:57]} h6 {[%clk 0:02:11]} 12. Bxf6
{[%clk 0:01:54]} Bxf6 {[%clk 0:02:12]} 13. Bxc6 {[%clk 0:01:54]} bxc6
{[%clk 0:02:13]} 14. Nde4 {[%clk 0:01:53]} Be7 {[%clk 0:02:03]} 15. Na4
{[%clk 0:01:53]} Be6 {[%clk 0:01:46]} 16. b3 {[%clk 0:01:53]} f5 {[%clk 0:01:44]}
17. Nec5 {[%clk 0:01:53]} Kf7 {[%clk 0:01:32]} 18. Rfd1 {[%clk 0:01:36]} e4
{[%clk 0:01:14]} 19. e3 {[%clk 0:01:29]} Rad8 {[%clk 0:00:53]} 20. Nxe6
{[%clk 0:00:30]} Kxe6 {[%clk 0:00:53]} 21. Kf1 {[%clk 0:00:28]} g5
{[%clk 0:00:44]} 22. Ke2 {[%clk 0:00:27]} f4 {[%clk 0:00:36]} 23. gxf4 gxf4 24.
exf4 {[%clk 0:00:24]} Kf5 {[%clk 0:00:39]} 25. Rxd8 {[%clk 0:00:22]} Rxd8
{[%clk 0:00:41]} 26. Rd1 {[%clk 0:00:20]} Rxd1 {[%clk 0:00:32]} 27. Kxd1
{[%clk 0:00:21]} Kxf4 {[%clk 0:00:34]} 28. Ke2 {[%clk 0:00:22]} h5
{[%clk 0:00:21]} 29. Nc3 {[%clk 0:00:16]} Bc5 {[%clk 0:00:18]} 30. Nd1
{[%clk 0:00:15]} Bd4 {[%clk 0:00:16]} 31. Ne3 {[%clk 0:00:15]} a5
{[%clk 0:00:05]} 32. a4 {[%clk 0:00:14]} Kg5 {[%clk 0:00:05]} 33. Kf1
{[%clk 0:00:10]} Kf4 {[%clk 0:00:05]} 34. Ke2 {[%clk 0:00:11]} h4
{[%clk 0:00:05]} 35. Nc2 {[%clk 0:00:10]} Bc5 {[%clk 0:00:06]} 36. Ne3
{[%clk 0:00:10]} Ke5 {[%clk 0:00:06]} 37. Nc2 {[%clk 0:00:09]} Kf4
{[%clk 0:00:05]} 38. Ne3 {[%clk 0:00:10]} Bb6 {[%clk 0:00:06]} 39. Ng2+
{[%clk 0:00:07]} Kg4 {[%clk 0:00:06]} 40. Ne3+ {[%clk 0:00:08]} Kh3
{[%clk 0:00:07]} 41. Nf5 {[%clk 0:00:09]} Bc5 {[%clk 0:00:05]} 42. Kf1
{[%clk 0:00:09]} Bb4 {[%clk 0:00:05]} 43. Kg1 {[%clk 0:00:10]} Bd2
{[%clk 0:00:06]} 44. Nd4 {[%clk 0:00:08]} Bf4 {[%clk 0:00:07]} 45. Ne6
{[%clk 0:00:08]} Bxh2+ {[%clk 0:00:08]} 46. Kh1 {[%clk 0:00:07]} Be5
{[%clk 0:00:08]} 47. Ng5+ {[%clk 0:00:09]} Kg4 {[%clk 0:00:09]} 48. Nxe4
{[%clk 0:00:09]} Kf3 {[%clk 0:00:10]} 49. Nc5 {[%clk 0:00:10]} Bd4
{[%clk 0:00:09]} 50. Ne6 {[%clk 0:00:08]} Bxf2 {[%clk 0:00:09]} 51. Nxc7
{[%clk 0:00:09]} Ke4 {[%clk 0:00:10]} 52. Ne6 {[%clk 0:00:06]} Kd3
{[%clk 0:00:10]} 53. Nd8 {[%clk 0:00:08]} c5 {[%clk 0:00:07]} 54. Nb7
{[%clk 0:00:09]} Kc3 {[%clk 0:00:07]} 55. Nxa5 {[%clk 0:00:09]} Bg3
{[%clk 0:00:05]} 56. Nb7 {[%clk 0:00:08]} Kxb3 {[%clk 0:00:03]} 57. a5
{[%clk 0:00:09]} Kb4 {[%clk 0:00:04]} 58. a6 {[%clk 0:00:10]} Bb8
{[%clk 0:00:06]} 59. Kg2 {[%clk 0:00:10]} Kxc4 {[%clk 0:00:07]} 60. Nxc5
{[%clk 0:00:10]} Kxc5 {[%clk 0:00:08]} 61. Kh3 {[%clk 0:00:11]} Kb6
{[%clk 0:00:08]} 62. Kxh4 {[%clk 0:00:12]} 1/2-1/2

[Event "Russian Blitz Championship (w)"]
[Site "Sochi"]
[Date "2022.10.14"]
[Round "13.2"]
[White "Guseva, Marina"]
[Black "Girya, Olga"]
[Result "1/2-1/2"]
[BlackElo "2298"]
[WhiteElo "2273"]
[LiveChessVersion "1.4.8"]

1. d4 {[%clk 0:03:01]} Nf6 {[%clk 0:02:58]} 2. c4 {[%clk 0:03:02]} e6
{[%clk 0:03:00]} 3. Nc3 {[%clk 0:03:04]} Bb4 {[%clk 0:03:01]} 4. Qc2
{[%clk 0:03:05]} c5 {[%clk 0:03:02]} 5. dxc5 {[%clk 0:02:59]} O-O
{[%clk 0:03:02]} 6. a3 {[%clk 0:02:59]} Bxc5 {[%clk 0:03:03]} 7. Nf3
{[%clk 0:03:00]} d5 {[%clk 0:02:59]} 8. Bg5 {[%clk 0:02:51]} dxc4
{[%clk 0:02:31]} 9. e3 {[%clk 0:02:28]} Be7 {[%clk 0:02:15]} 10. Bxc4
{[%clk 0:02:27]} Nbd7 {[%clk 0:01:48]} 11. O-O {[%clk 0:02:24]} a6
{[%clk 0:01:50]} 12. Rfd1 {[%clk 0:02:23]} Qc7 {[%clk 0:01:51]} 13. Qe2
{[%clk 0:01:26]} b5 {[%clk 0:01:48]} 14. Ba2 {[%clk 0:01:26]} h6 {[%clk 0:01:28]}
15. Bh4 {[%clk 0:01:26]} Re8 {[%clk 0:01:14]} 16. Rac1 {[%clk 0:01:26]} Qb6
{[%clk 0:01:13]} 17. e4 {[%clk 0:01:07]} Bb7 {[%clk 0:00:21]} 1/2-1/2

[Event "Russian Blitz Championship (w)"]
[Site "Sochi"]
[Date "2022.10.14"]
[Round "13.3"]
[White "Potapova, Margarita"]
[Black "Tomilova, Elena"]
[Result "1/2-1/2"]
[BlackElo "2107"]
[WhiteElo "2150"]
[LiveChessVersion "1.4.8"]

1. d4 {[%clk 0:03:03]} Nf6 {[%clk 0:03:03]} 2. c4 {[%clk 0:03:05]} b6
{[%clk 0:03:04]} 3. Nc3 {[%clk 0:03:05]} Bb7 {[%clk 0:03:05]} 4. Qc2
{[%clk 0:03:06]} d5 {[%clk 0:03:04]} 5. cxd5 {[%clk 0:03:07]} Nxd5
{[%clk 0:03:05]} 6. e4 {[%clk 0:03:00]} Nxc3 {[%clk 0:03:04]} 7. bxc3
{[%clk 0:03:01]} e5 {[%clk 0:03:04]} 8. Nf3 {[%clk 0:02:46]} exd4
{[%clk 0:03:00]} 9. Nxd4 {[%clk 0:02:04]} Bc5 {[%clk 0:02:38]} 10. Bb5+
{[%clk 0:02:04]} c6 {[%clk 0:02:35]} 11. Bc4 {[%clk 0:02:04]} O-O
{[%clk 0:02:26]} 12. O-O {[%clk 0:02:05]} b5 {[%clk 0:02:21]} 13. Bb3
{[%clk 0:02:04]} Nd7 {[%clk 0:02:14]} 14. Nf5 {[%clk 0:01:53]} Ne5
{[%clk 0:02:01]} 15. Bf4 {[%clk 0:01:48]} Qf6 {[%clk 0:01:52]} 16. Bg3
{[%clk 0:01:38]} a5 {[%clk 0:01:41]} 17. a4 {[%clk 0:01:34]} b4 {[%clk 0:01:35]}
18. cxb4 {[%clk 0:01:27]} Bxb4 {[%clk 0:01:36]} 19. Rad1 {[%clk 0:01:22]} Ba6
{[%clk 0:01:28]} 20. f4 {[%clk 0:00:41]} Ng4 {[%clk 0:01:23]} 21. e5
{[%clk 0:00:35]} Qg6 {[%clk 0:01:16]} 22. Rf3 {[%clk 0:00:35]} Bc8
{[%clk 0:01:05]} 23. Nd6 {[%clk 0:00:19]} Qxc2 24. Bxc2 {[%clk 0:00:19]} Bc5+ 25.
Kh1 Ne3 26. Rc1 Ba3 27. Rd1 Bc5 28. Rd2 1/2-1/2

[Event "Russian Blitz Championship (w)"]
[Site "Sochi"]
[Date "2022.10.14"]
[Round "13.4"]
[White "Bivol, Alina"]
[Black "Nazarova, Anastasia"]
[Result "1-0"]
[BlackElo "2089"]
[WhiteElo "2264"]
[LiveChessVersion "1.4.8"]

1. e4 {[%clk 0:03:02]} c5 {[%clk 0:03:04]} 2. Nf3 {[%clk 0:03:03]} Nc6
{[%clk 0:03:05]} 3. d4 {[%clk 0:03:03]} cxd4 {[%clk 0:03:06]} 4. Nxd4
{[%clk 0:03:04]} g6 {[%clk 0:03:07]} 5. Nc3 {[%clk 0:03:03]} Bg7 {[%clk 0:03:07]}
6. Be3 {[%clk 0:03:04]} Nf6 {[%clk 0:03:08]} 7. f3 {[%clk 0:03:02]} O-O
{[%clk 0:02:59]} 8. g4 {[%clk 0:02:59]} Qb6 {[%clk 0:02:30]} 9. Qd2
{[%clk 0:02:39]} Nxd4 {[%clk 0:00:47]} 10. Bxd4 {[%clk 0:02:39]} Qa5
{[%clk 0:00:36]} 11. h4 {[%clk 0:02:39]} e5 {[%clk 0:00:15]} 12. Be3
{[%clk 0:02:35]} Rd8 {[%clk 0:00:06]} 13. Bc4 {[%clk 0:02:32]} a6
{[%clk 0:00:06]} 14. h5 {[%clk 0:02:30]} b5 {[%clk 0:00:06]} 15. Bb3
{[%clk 0:02:31]} d5 {[%clk 0:00:05]} 16. Nxd5 {[%clk 0:02:27]} Nxd5
{[%clk 0:00:05]} 17. Qxa5 {[%clk 0:02:28]} 1-0

[Event "Russian Blitz Championship (w)"]
[Site "Sochi"]
[Date "2022.10.14"]
[Round "13.5"]
[White "Pogonina, Natalija"]
[Black "Karmanova, Olga Dm."]
[Result "1-0"]
[BlackElo "2096"]
[WhiteElo "2332"]
[LiveChessVersion "1.4.8"]

1. d4 {[%clk 0:03:01]} Nf6 {[%clk 0:03:03]} 2. g3 {[%clk 0:03:02]} e6
{[%clk 0:03:04]} 3. Bg2 {[%clk 0:03:02]} d5 {[%clk 0:03:04]} 4. Nf3
{[%clk 0:03:01]} Be7 {[%clk 0:03:01]} 5. c4 {[%clk 0:03:01]} O-O {[%clk 0:03:00]}
6. O-O {[%clk 0:03:00]} c6 {[%clk 0:03:01]} 7. Qc2 {[%clk 0:02:49]} Nbd7
{[%clk 0:02:59]} 8. Rd1 {[%clk 0:02:43]} b6 {[%clk 0:02:59]} 9. b3
{[%clk 0:02:43]} Bb7 {[%clk 0:02:56]} 10. Nc3 {[%clk 0:02:40]} Rc8
{[%clk 0:02:56]} 11. Bb2 {[%clk 0:02:27]} c5 {[%clk 0:02:41]} 12. dxc5
{[%clk 0:02:14]} Rxc5 {[%clk 0:02:22]} 13. Nd2 {[%clk 0:01:57]} a6
{[%clk 0:01:54]} 14. Rac1 {[%clk 0:01:51]} Rc7 {[%clk 0:01:55]} 15. Qb1
{[%clk 0:01:45]} Qa8 {[%clk 0:01:54]} 16. cxd5 {[%clk 0:01:44]} Nc5
{[%clk 0:01:36]} 17. Nc4 {[%clk 0:01:43]} b5 {[%clk 0:01:06]} 18. Na5
{[%clk 0:01:28]} Bxd5 {[%clk 0:00:48]} 19. Nxd5 {[%clk 0:01:27]} exd5
{[%clk 0:00:46]} 20. Bxf6 {[%clk 0:01:00]} Bxf6 {[%clk 0:00:46]} 21. Rxd5
{[%clk 0:00:57]} Qc8 {[%clk 0:00:45]} 22. b4 {[%clk 0:00:52]} Na4
{[%clk 0:00:39]} 23. Rxc7 {[%clk 0:00:40]} Qxc7 {[%clk 0:00:40]} 24. Qf1
{[%clk 0:00:32]} Qc2 {[%clk 0:00:37]} 25. e4 {[%clk 0:00:26]} Qxa2
{[%clk 0:00:22]} 26. e5 {[%clk 0:00:24]} Bd8 {[%clk 0:00:21]} 27. Nc6
{[%clk 0:00:21]} Bb6 {[%clk 0:00:21]} 28. Rd3 {[%clk 0:00:17]} Qc2
{[%clk 0:00:19]} 29. Ne7+ {[%clk 0:00:08]} Kh8 {[%clk 0:00:19]} 30. Nd5
{[%clk 0:00:09]} Qc4 {[%clk 0:00:18]} 31. Nxb6 {[%clk 0:00:08]} Nxb6
{[%clk 0:00:18]} 32. Rd6 {[%clk 0:00:06]} Na4 {[%clk 0:00:18]} 33. Qxc4
{[%clk 0:00:05]} bxc4 {[%clk 0:00:19]} 34. Rxa6 {[%clk 0:00:06]} Nb2
{[%clk 0:00:09]} 35. Rc6 {[%clk 0:00:07]} Rb8 {[%clk 0:00:08]} 36. Bd5
{[%clk 0:00:08]} Kg8 {[%clk 0:00:07]} 37. Bxc4 {[%clk 0:00:08]} Nxc4
{[%clk 0:00:08]} 38. Rxc4 {[%clk 0:00:09]} Kf8 {[%clk 0:00:09]} 39. Kg2
{[%clk 0:00:09]} Ke7 {[%clk 0:00:10]} 40. f4 {[%clk 0:00:09]} Ke6
{[%clk 0:00:11]} 41. Kf3 {[%clk 0:00:10]} Kd5 {[%clk 0:00:11]} 42. Rc7
{[%clk 0:00:10]} Ke6 {[%clk 0:00:12]} 43. Rc4 {[%clk 0:00:10]} Kd5
{[%clk 0:00:13]} 44. Rc5+ {[%clk 0:00:11]} Ke6 {[%clk 0:00:14]} 45. b5
{[%clk 0:00:12]} g6 {[%clk 0:00:11]} 46. Ke4 {[%clk 0:00:12]} Rb7
{[%clk 0:00:08]} 47. Rc6+ {[%clk 0:00:12]} Kd7 {[%clk 0:00:09]} 48. Rd6+
{[%clk 0:00:13]} Kc7 {[%clk 0:00:09]} 49. b6+ {[%clk 0:00:13]} Rxb6
{[%clk 0:00:07]} 50. Rxb6 {[%clk 0:00:14]} Kxb6 {[%clk 0:00:08]} 51. Kd5
{[%clk 0:00:15]} Kc7 {[%clk 0:00:09]} 52. e6 {[%clk 0:00:16]} fxe6+
{[%clk 0:00:10]} 53. Kxe6 {[%clk 0:00:17]} Kc6 {[%clk 0:00:08]} 54. g4
{[%clk 0:00:17]} Kd5+ 1-0

[Event "Russian Blitz Championship (w)"]
[Site "Sochi"]
[Date "2022.10.14"]
[Round "13.6"]
[White "Ovod, Evgenija"]
[Black "Diakonova, Ekaterina"]
[Result "1-0"]
[BlackElo "1987"]
[WhiteElo "2223"]
[LiveChessVersion "1.4.8"]

1. e4 {[%clk 0:03:04]} d6 {[%clk 0:03:04]} 2. d4 {[%clk 0:03:04]} Nf6
{[%clk 0:03:05]} 3. Bd3 {[%clk 0:03:03]} g6 {[%clk 0:03:06]} 4. Nf3
{[%clk 0:03:03]} Bg7 {[%clk 0:03:07]} 5. c3 {[%clk 0:03:04]} O-O {[%clk 0:03:07]}
6. O-O {[%clk 0:03:05]} Nc6 {[%clk 0:03:08]} 7. h3 {[%clk 0:02:59]} e5
{[%clk 0:03:09]} 8. Nbd2 {[%clk 0:02:53]} Re8 {[%clk 0:03:09]} 9. Re1
{[%clk 0:02:51]} exd4 {[%clk 0:03:07]} 10. cxd4 {[%clk 0:02:49]} Nb4
{[%clk 0:02:59]} 11. Bb1 {[%clk 0:02:49]} c5 {[%clk 0:03:00]} 12. d5
{[%clk 0:02:40]} b5 {[%clk 0:02:53]} 13. a4 {[%clk 0:02:28]} bxa4
{[%clk 0:02:47]} 14. Rxa4 {[%clk 0:02:24]} Bd7 {[%clk 0:02:46]} 15. Ra3
{[%clk 0:02:23]} Bb5 {[%clk 0:02:47]} 16. b3 {[%clk 0:01:59]} Nd7
{[%clk 0:02:43]} 17. Nc4 {[%clk 0:01:55]} Nb6 {[%clk 0:02:35]} 18. Nfd2
{[%clk 0:01:52]} Nd3 {[%clk 0:02:18]} 19. Bxd3 {[%clk 0:01:51]} a5
{[%clk 0:02:10]} 20. Nxb6 {[%clk 0:01:47]} Bxd3 {[%clk 0:02:09]} 21. Nxa8
{[%clk 0:01:47]} Qxa8 {[%clk 0:02:10]} 22. b4 {[%clk 0:01:36]} cxb4
{[%clk 0:02:05]} 23. Rxd3 {[%clk 0:01:36]} a4 {[%clk 0:02:06]} 24. Nc4
{[%clk 0:01:33]} Qa6 {[%clk 0:02:00]} 25. Nxd6 {[%clk 0:01:23]} Qxd6
{[%clk 0:01:59]} 26. Qxa4 {[%clk 0:01:24]} f5 {[%clk 0:01:55]} 27. Qxe8+
{[%clk 0:01:20]} Bf8 {[%clk 0:01:55]} 28. Qe6+ {[%clk 0:01:19]} 1-0